The perils of anarchy : (Record no. 11075)
[ view plain ]
| 000 -LEADER | |
|---|---|
| fixed length control field | 01322cam a2200325 a 4500 |
| 001 - CONTROL NUMBER | |
| control field | 2541970 |
| 005 - DATE AND TIME OF LATEST TRANSACTION | |
| control field | 19970501093536.5 |
| 008 - FIXED-LENGTH DATA ELEMENTS--GENERAL INFORMATION | |
| fixed length control field | 941102s1995 mau b 000 0 eng |
| 010 ## - LIBRARY OF CONGRESS CONTROL NUMBER | |
| LC control number | 94024041 |
| 020 ## - INTERNATIONAL STANDARD BOOK NUMBER | |
| International Standard Book Number | 0262522020 |
| 040 ## - CATALOGING SOURCE | |
| Original cataloging agency | DLC |
| Transcribing agency | DLC |
| Modifying agency | DLC |
| 050 00 - LIBRARY OF CONGRESS CALL NUMBER | |
| Classification number | JX1391 |
| Item number | .P46 1995 |
| 082 00 - DEWEY DECIMAL CLASSIFICATION NUMBER | |
| Classification number | 327.101 |
| Edition number | 20 |
| Item number | PER |
| 245 04 - TITLE STATEMENT | |
| Title | The perils of anarchy : |
| Remainder of title | Contemporary realism and international security / |
| Statement of responsibility, etc | edited by Michael E. Brown, Sean M. Lynn-Jones, and Steven E. Miller. |
| 260 ## - PUBLICATION, DISTRIBUTION, ETC. (IMPRINT) | |
| Place of publication, distribution, etc | London, England : |
| Name of publisher, distributor, etc | MIT Press, |
| Date of publication, distribution, etc | c1995. |
| 300 ## - PHYSICAL DESCRIPTION | |
| Extent | xxi, 519 p. ; |
| Dimensions | 23 cm. |
| 440 #0 - | |
| -- | International security readers |
| 504 ## - BIBLIOGRAPHY, ETC. NOTE | |
| Bibliography, etc | Includes bibliographical references. |
| 650 #0 - SUBJECT ADDED ENTRY--TOPICAL TERM | |
| Topical term or geographic name as entry element | International relations. |
| 650 #0 - SUBJECT ADDED ENTRY--TOPICAL TERM | |
| Topical term or geographic name as entry element | Security, International. |
| 650 #0 - SUBJECT ADDED ENTRY--TOPICAL TERM | |
| Topical term or geographic name as entry element | World politics. |
| 650 #0 - SUBJECT ADDED ENTRY--TOPICAL TERM | |
| Topical term or geographic name as entry element | Realism. |
| 650 #0 - SUBJECT ADDED ENTRY--TOPICAL TERM | |
| Topical term or geographic name as entry element | Anarchism. |
| 700 1# - ADDED ENTRY--PERSONAL NAME | |
| Personal name | Brown, Michael E. |
| Fuller form of name | (Michael Edward), |
| Dates associated with a name | 1954- |
| 700 2# - ADDED ENTRY--PERSONAL NAME | |
| Personal name | Lynn-Jones, Sean M. |
| 700 1# - ADDED ENTRY--PERSONAL NAME | |
| Personal name | Miller, Steven E. |
| 942 ## - ADDED ENTRY ELEMENTS (KOHA) | |
| Source of classification or shelving scheme | Dewey Decimal Classification |
| Item type | Book - Borrowing |
| Withdrawn status | Item status | Source of classification or shelving scheme | Damaged status | Not for loan | Vendor | Home library | Current library | Shelving location | Date acquired | Source of acquisition | Cost, normal purchase price | Serial Enumeration / chronology | Total Checkouts | Full call number | Barcode | Date last seen | Date last borrowed | Koha item type |
|---|---|---|---|---|---|---|---|---|---|---|---|---|---|---|---|---|---|---|
| Dewey Decimal Classification | Baccah | Central Library | Central Library | First floor | 15/03/2009 | 285.00 | 7371 | 2 | 327.101 PER | 000015468 | 15/07/2025 | 16/12/2012 | Book - Borrowing |